[Event "Oberliga Ost A 2018 2019"]
[Site "?"]
[Date "2019.04.06"]
[Round "10.2"]
[White "Roseneck, Jonas"]
[Black "Geiling, Christian"]
[Result "1/2-1/2"]
[WhiteElo "2407"]
[BlackElo "2162"]
[PlyCount "91"]
[EventDate "2018.10.21"]
[EventType "team-tourn"]
[EventCountry "GER"]
[WhiteTeam "Magdeburg SG Aufbau Elbe"]
[BlackTeam "Leipzig VfB Schach"]
[WhiteTeamCountry "GER"]
[BlackTeamCountry "GER"]

1. e4 d6 2. d4 Nf6 3. Nc3 g6 4. Bg5 h6 5. Bf4 Bg7 6. Qd2 c6 7. h3 b5 8. e5 b4
9. exf6 bxc3 10. bxc3 Bxf6 11. Bxh6 Qa5 12. Be3 c5 13. Be2 Nc6 14. Bf3 Bd7 15.
Ne2 Rc8 16. Rd1 cxd4 17. cxd4 Qxa2 18. O-O Qc4 19. Nf4 a5 20. Nd5 Nb4 21. Nb6
Qxc2 22. Nxc8 Qxc8 23. Bg5 Bg7 24. Rfe1 f6 25. Bf4 Kf8 26. Rc1 Qd8 27. Rc3 g5
28. Bg3 Bh6 29. Qe2 f5 30. Bh2 Bg7 31. Re3 Bf6 32. d5 f4 33. Ra3 Qb6 34. Bg4
Bb5 35. Qd2 Kg7 36. g3 fxg3 37. Bxg3 Bc4 38. Be6 Qb5 39. Re4 Bxd5 40. Bxd5 Qxd5
41. Qe2 Rxh3 42. Rxe7+ Bxe7 43. Qxe7+ Kg6 44. Qe8+ Qf7 45. Qe4+ Qf5 46. Qxf5+
1/2-1/2

[Event "Oberliga Ost A 2018 2019"]
[Site "?"]
[Date "2019.04.06"]
[Round "10.3"]
[White "Rohne, Lars"]
[Black "Melamed, Tatjana"]
[Result "0-1"]
[WhiteElo "2134"]
[BlackElo "2339"]
[PlyCount "102"]
[EventDate "2018.10.21"]
[EventType "team-tourn"]
[EventCountry "GER"]
[WhiteTeam "Leipzig VfB Schach"]
[BlackTeam "Magdeburg SG Aufbau Elbe"]
[WhiteTeamCountry "GER"]
[BlackTeamCountry "GER"]

1. e4 c5 2. Nc3 Nc6 3. Bb5 Nd4 4. Bc4 e6 5. Nge2 Nf6 6. O-O a6 7. d3 b5 8. Bb3
Nxb3 9. axb3 b4 10. Nb1 d5 11. Nd2 Be7 12. c3 Qd7 13. f4 dxe4 14. dxe4 Bb7 15.
e5 Ng4 16. Nf3 h5 17. Qc2 Rc8 18. h3 Nh6 19. Ng3 h4 20. Ne4 Nf5 21. Bd2 Bxe4
22. Qxe4 Ng3 23. Qc4 Nxf1 24. Kxf1 O-O 25. Rxa6 bxc3 26. bxc3 Ra8 27. Be1 Qb7
28. Rxa8 Rxa8 29. Bxh4 Bxh4 30. Nxh4 Qd7 31. Kg1 Qd2 32. Nf3 Qe3+ 33. Kh2 Ra2
34. Ng5 Rf2 35. b4 Qxf4+ 36. Qxf4 Rxf4 37. bxc5 Rc4 38. Nf3 Rxc3 39. Kg3 Rxc5
40. Kf4 Rc4+ 41. Ke3 Ra4 42. g3 Kh7 43. Nd4 Ra3+ 44. Kf4 g5+ 45. Kxg5 Rxg3+ 46.
Kf6 Kg8 47. Ke7 Rxh3 48. Nc6 Kg7 49. Nd8 Ra3 50. Nc6 Kg6 51. Nd8 Kf5 0-1

[Event "Oberliga Ost A 2018 2019"]
[Site "?"]
[Date "2019.04.06"]
[Round "10.4"]
[White "Andre, Gordon"]
[Black "Just, Wolfgang"]
[Result "1-0"]
[WhiteElo "2351"]
[BlackElo "2118"]
[PlyCount "113"]
[EventDate "2018.10.21"]
[EventType "team-tourn"]
[EventCountry "GER"]
[WhiteTeam "Magdeburg SG Aufbau Elbe"]
[BlackTeam "Leipzig VfB Schach"]
[WhiteTeamCountry "GER"]
[BlackTeamCountry "GER"]

1. d4 e6 2. e4 d5 3. Nc3 Bb4 4. e5 c5 5. a3 Ba5 6. b4 cxb4 7. Nb5 Nc6 8. axb4
Bxb4+ 9. c3 Be7 10. Ba3 Bxa3 11. Rxa3 Nh6 12. Nd6+ Kf8 13. Bd3 f6 14. Qh5 Qe7
15. Nf3 Nf7 16. Nxf7 Qxf7 17. Qxf7+ Kxf7 18. O-O Bd7 19. Rfa1 Rac8 20. g4 Rc7
21. h4 h6 22. Kf1 a6 23. Ke2 Na7 24. Rb3 Bb5 25. Rc1 Rhc8 26. exf6 gxf6 27. g5
Bxd3+ 28. Kxd3 Nc6 29. gxf6 Kxf6 30. Rb6 Rg8 31. Re1 Rg4 32. h5 Rf4 33. Re3 Rf5
34. Nd2 Rxh5 35. Nb3 e5 36. dxe5+ Rxe5 37. Rh3 Kg5 38. Nc5 h5 39. Nxb7 Re4 40.
Nd6 Re6 41. Rb7 Rxb7 42. Nxb7 h4 43. Nc5 Rf6 44. Ke2 Ne5 45. f4+ Kg4 46. fxe5
Rc6 47. Rd3 Rxc5 48. e6 h3 49. Kf2 Rc8 50. Rxd5 Rxc3 51. e7 Rc2+ 52. Ke3 Rc1
53. Kd2 h2 54. Rd4+ Kf5 55. e8=Q h1=Q 56. Qf7+ Kg5 57. Qf4+ 1-0

[Event "Oberliga Ost A 2018 2019"]
[Site "?"]
[Date "2019.04.06"]
[Round "10.5"]
[White "Mader, Joerg"]
[Black "Merkert, Maximilian"]
[Result "1/2-1/2"]
[WhiteElo "2094"]
[BlackElo "2245"]
[PlyCount "77"]
[EventDate "2018.10.21"]
[EventType "team-tourn"]
[EventCountry "GER"]
[WhiteTeam "Leipzig VfB Schach"]
[BlackTeam "Magdeburg SG Aufbau Elbe"]
[WhiteTeamCountry "GER"]
[BlackTeamCountry "GER"]

1. d4 f5 2. c4 Nf6 3. Nc3 d6 4. Nf3 g6 5. g3 Bg7 6. Bg2 O-O 7. O-O Qe8 8. Bg5
c6 9. Qc1 e5 10. dxe5 dxe5 11. Bh6 e4 12. Nd4 Qe5 13. Rd1 Nbd7 14. Bxg7 Kxg7
15. f4 Qe7 16. b4 Re8 17. c5 Nf8 18. e3 Ne6 19. Qb2 Nxd4 20. Rxd4 Be6 21. a3
Rad8 22. Rad1 Rxd4 23. Rxd4 Rd8 24. Ne2 Kf7 25. Bf1 a6 26. Qd2 Rd5 27. Nc3 Rd7
28. Nd1 Qd8 29. Nb2 Rxd4 30. Qxd4 Qxd4 31. exd4 Ke7 32. Nc4 Bxc4 33. Bxc4 Nd5
34. Kf2 Nc7 35. a4 Kf6 36. h4 h5 37. Ke2 Ke7 38. Ke1 Kf6 39. Ke2 1/2-1/2

[Event "Oberliga Ost A 2018 2019"]
[Site "?"]
[Date "2019.04.06"]
[Round "10.6"]
[White "Paul, Johannes"]
[Black "Mueller, Giso"]
[Result "1/2-1/2"]
[WhiteElo "2385"]
[BlackElo "2109"]
[PlyCount "98"]
[EventDate "2018.10.21"]
[EventType "team-tourn"]
[EventCountry "GER"]
[WhiteTeam "Magdeburg SG Aufbau Elbe"]
[BlackTeam "Leipzig VfB Schach"]
[WhiteTeamCountry "GER"]
[BlackTeamCountry "GER"]

1. d4 Nf6 2. c4 c5 3. d5 b5 4. cxb5 a6 5. bxa6 g6 6. Nc3 Bxa6 7. Nf3 d6 8. e4
Bxf1 9. Kxf1 Bg7 10. g3 O-O 11. Kg2 Nbd7 12. a4 Ra6 13. Qe2 Qa8 14. Rd1 Rb8 15.
Bf4 Ng4 16. Nd2 Bxc3 17. bxc3 Nge5 18. Bxe5 Nxe5 19. f4 Nd7 20. Nc4 Rxa4 21.
Rxa4 Qxa4 22. e5 Qb5 23. Rd2 dxe5 24. fxe5 Nb6 25. Rb2 Qa6 26. Kf3 Nd7 27.
Rxb8+ Nxb8 28. d6 Kf8 29. Qe4 exd6 30. exd6 Nd7 31. Qe7+ Kg7 32. Ne3 Qc6+ 33.
Kf2 h5 34. c4 Qa4 35. Kf3 Kg8 36. h3 Kg7 37. g4 hxg4+ 38. hxg4 Kg8 39. g5 Kg7
40. Ng4 Qd1+ 41. Kf4 Qd4+ 42. Kg3 Qg1+ 43. Kf3 Qd1+ 44. Kf4 Qd4+ 45. Kg3 Qg1+
46. Kh3 Qf1+ 47. Kh4 Qh1+ 48. Kg3 Qg1+ 49. Kh3 Qf1+ 1/2-1/2

[Event "Oberliga Ost A 2018 2019"]
[Site "?"]
[Date "2019.04.06"]
[Round "10.8"]
[White "Lopez Rojas, Jeffrey"]
[Black "Alvermann, Christian"]
[Result "1-0"]
[WhiteElo "2199"]
[BlackElo "1902"]
[PlyCount "75"]
[EventDate "2018.10.21"]
[EventType "team-tourn"]
[EventCountry "GER"]
[WhiteTeam "Magdeburg SG Aufbau Elbe"]
[BlackTeam "Leipzig VfB Schach"]
[WhiteTeamCountry "GER"]
[BlackTeamCountry "GER"]

1. d4 Nf6 2. c4 g6 3. Nf3 Bg7 4. g3 O-O 5. Bg2 d6 6. O-O Nbd7 7. Nc3 c6 8. e4
Qc7 9. Re1 e5 10. h3 Re8 11. Be3 h6 12. Qc2 Nf8 13. Rad1 N6d7 14. b3 a5 15. d5
c5 16. Nh2 Qd8 17. Ng4 g5 18. Bd2 Ng6 19. Ne3 Ne7 20. Nb5 Nf6 21. Bc3 Nh7 22.
a4 Rf8 23. Kh2 Ra6 24. Nf5 Bxf5 25. exf5 Bf6 26. Re2 Bg7 27. Rde1 f6 28. Rh1
Qd7 29. Ree1 Bh8 30. Bf3 Rf7 31. Bg4 Nf8 32. f4 Qd8 33. Bh5 Rh7 34. Rhf1 Nc8
35. Qe2 Qe7 36. fxe5 dxe5 37. Qf3 b6 38. d6 1-0

[Event "Oberliga Ost A 2018 2019"]
[Site "?"]
[Date "2019.04.07"]
[Round "11.1"]
[White "Sieber, Fiona"]
[Black "Pulpan, Jakub"]
[Result "0-1"]
[WhiteElo "2310"]
[BlackElo "2418"]
[PlyCount "84"]
[EventDate "2018.10.21"]
[EventType "team-tourn"]
[EventCountry "GER"]
[WhiteTeam "Magdeburg SG Aufbau Elbe"]
[BlackTeam "Aue ESV Nickelhuette II"]
[WhiteTeamCountry "GER"]
[BlackTeamCountry "GER"]

1. e4 e5 2. Nf3 Nc6 3. Bb5 Nf6 4. O-O Nxe4 5. d4 Nd6 6. Bxc6 dxc6 7. dxe5 Nf5
8. Qxd8+ Kxd8 9. Nc3 Ke8 10. h3 h5 11. Bf4 Be7 12. Rad1 Nh4 13. Nxh4 Bxh4 14.
Ne2 Bd7 15. Rfe1 Rd8 16. Nd4 Bc8 17. e6 Bf6 18. c3 Bxe6 19. Nxe6 fxe6 20. Rxd8+
Kxd8 21. Rxe6 h4 22. Re2 Rh5 23. c4 a5 24. a4 Rf5 25. Rd2+ Kc8 26. Be3 b5 27.
b3 Bc3 28. Rd3 Bf6 29. Kf1 Re5 30. Rd4 Rxe3 31. fxe3 Bxd4 32. exd4 bxa4 33.
bxa4 c5 34. Ke2 cxd4 35. c5 Kd7 36. Kd3 Ke6 37. Kxd4 c6 38. Ke4 g6 39. g4 hxg3
40. Kf3 Kd5 41. Kxg3 Kxc5 42. Kf4 Kb4 0-1

[Event "Oberliga Ost A 2018 2019"]
[Site "?"]
[Date "2019.04.07"]
[Round "11.2"]
[White "Cerveny, Martin"]
[Black "Roseneck, Jonas"]
[Result "1/2-1/2"]
[WhiteElo "2343"]
[BlackElo "2407"]
[PlyCount "56"]
[EventDate "2018.10.21"]
[EventType "team-tourn"]
[EventCountry "GER"]
[WhiteTeam "Aue ESV Nickelhuette II"]
[BlackTeam "Magdeburg SG Aufbau Elbe"]
[WhiteTeamCountry "GER"]
[BlackTeamCountry "GER"]

1. d4 Nf6 2. Nf3 d5 3. c4 e6 4. g3 dxc4 5. Qa4+ Nbd7 6. Bg2 a6 7. Qxc4 b5 8.
Qc2 Bb7 9. O-O c5 10. a4 Be7 11. Bg5 h6 12. Bxf6 Bxf6 13. axb5 cxd4 14. bxa6
Rxa6 15. Rxa6 Bxa6 16. Na3 O-O 17. b4 Qb6 18. b5 Rc8 19. Qd2 Bb7 20. Rc1 Rxc1+
21. Qxc1 Be7 22. Qb2 Bxa3 23. Qxa3 Qxb5 24. Nxd4 Qb1+ 25. Bf1 Ne5 26. Qc3 Qe4
27. f3 Qd5 28. Kf2 Nc6 1/2-1/2

[Event "Oberliga Ost A 2018 2019"]
[Site "?"]
[Date "2019.04.07"]
[Round "11.3"]
[White "Melamed, Tatjana"]
[Black "Jurasek, Miroslav"]
[Result "1-0"]
[WhiteElo "2339"]
[BlackElo "2248"]
[PlyCount "59"]
[EventDate "2018.10.21"]
[EventType "team-tourn"]
[EventCountry "GER"]
[WhiteTeam "Magdeburg SG Aufbau Elbe"]
[BlackTeam "Aue ESV Nickelhuette II"]
[WhiteTeamCountry "GER"]
[BlackTeamCountry "GER"]

1. e4 e6 2. d4 d5 3. Nd2 Nc6 4. Ngf3 Nf6 5. e5 Nd7 6. Bd3 f6 7. exf6 Qxf6 8.
Nf1 e5 9. Ne3 Qd6 10. dxe5 Ndxe5 11. Nxe5 Qxe5 12. O-O Be6 13. f4 Qd6 14. Qh5+
Bf7 15. Qg4 Qf6 16. Kh1 Bd6 17. Bd2 Ne7 18. Qh3 Be6 19. f5 Bd7 20. Ng4 Qf7 21.
f6 Bxg4 22. Qxg4 gxf6 23. Bc3 Rg8 24. Qh3 Rg5 25. Rxf6 Qh5 26. Bb5+ Nc6 27.
Bxc6+ bxc6 28. Re1+ Kd8 29. Rxd6+ cxd6 30. Ba5# 1-0

[Event "Oberliga Ost A 2018 2019"]
[Site "?"]
[Date "2019.04.07"]
[Round "11.4"]
[White "Heinz, Thomas"]
[Black "Andre, Gordon"]
[Result "1-0"]
[WhiteElo "2148"]
[BlackElo "2351"]
[PlyCount "83"]
[EventDate "2018.10.21"]
[EventType "team-tourn"]
[EventCountry "GER"]
[WhiteTeam "Aue ESV Nickelhuette II"]
[BlackTeam "Magdeburg SG Aufbau Elbe"]
[WhiteTeamCountry "GER"]
[BlackTeamCountry "GER"]

1. e4 e5 2. f4 d5 3. exd5 exf4 4. Nf3 Ne7 5. Bb5+ Nd7 6. c4 Ng6 7. O-O Be7 8.
d4 O-O 9. Ba4 Nb6 10. Bb3 Bf6 11. Nc3 Re8 12. c5 Nd7 13. Ne2 b6 14. c6 Ndf8 15.
Qd3 Qd6 16. Nc3 Bg4 17. Bd2 h6 18. a3 Nh7 19. Nb5 Qd8 20. d6 Bxf3 21. gxf3 Nh4
22. Bxf4 cxd6 23. Nxd6 Re7 24. Rae1 Bxd4+ 25. Kh1 Bxb2 26. c7 Qxc7 27. Nxf7
Qxf4 28. Rxe7 Kf8 29. Rd7 Re8 30. Rd8 Nf6 31. Rxe8+ Nxe8 32. Nd8 Nc7 33. Qh7
Be5 34. Qg8+ Ke7 35. Nc6+ Kd6 36. Nxe5 Kxe5 37. Qxg7+ Kd6 38. Rd1+ Kc5 39. Qc3+
Kb5 40. Qd3+ Ka5 41. Qc3+ Kb5 42. Rc1 1-0

[Event "Oberliga Ost A 2018 2019"]
[Site "?"]
[Date "2019.04.07"]
[Round "11.5"]
[White "Merkert, Maximilian"]
[Black "Floeter, Frank"]
[Result "1-0"]
[WhiteElo "2245"]
[BlackElo "2123"]
[PlyCount "129"]
[EventDate "2018.10.21"]
[EventType "team-tourn"]
[EventCountry "GER"]
[WhiteTeam "Magdeburg SG Aufbau Elbe"]
[BlackTeam "Aue ESV Nickelhuette II"]
[WhiteTeamCountry "GER"]
[BlackTeamCountry "GER"]

1. c4 g6 2. g3 c5 3. Bg2 Bg7 4. Nc3 Nc6 5. Nf3 e5 6. O-O Nge7 7. a3 a5 8. Ne1
d6 9. Nc2 O-O 10. d3 Be6 11. Ne3 Rb8 12. Ned5 Qd7 13. Rb1 b6 14. Bg5 f6 15. Bd2
Bh3 16. Bxh3 Qxh3 17. Nxe7+ Nxe7 18. b4 axb4 19. axb4 Qd7 20. Qb3 Ra8 21. Ra1
Rfb8 22. Rfb1 Rxa1 23. Rxa1 Rb7 24. Ra8+ Kf7 25. Nb5 Ke6 26. Ra6 Nc6 27. e3 Bf8
28. bxc5 bxc5 29. Qa4 Be7 30. Qd1 f5 31. Qf3 Nb8 32. Qd5+ Kf6 33. Nxd6 Nxa6 34.
Nxb7 Qxd5 35. cxd5 Bf8 36. e4 Nb4 37. Bxb4 cxb4 38. Na5 Bc5 39. Kf1 g5 40. h3
h5 41. f3 g4 42. fxg4 fxg4 43. hxg4 hxg4 44. Ke2 Bb6 45. Nb3 Bg1 46. Nd2 Bd4
47. Kd1 Bf2 48. Nf1 Ke7 49. Nh2 Kd6 50. Nxg4 Bxg3 51. Ne3 Kc5 52. Kc2 Bh4 53.
Kb3 Be1 54. Nf5 Bd2 55. Kc2 Bg5 56. Ng7 Be7 57. Kb3 Bd6 58. Ne6+ Kb5 59. Nd8
Bc5 60. Nf7 Bd4 61. d6 Kc6 62. Kxb4 Bc5+ 63. Kc4 Bxd6 64. Nxd6 Kxd6 65. Kb5 1-0

[Event "Oberliga Ost A 2018 2019"]
[Site "?"]
[Date "2019.04.07"]
[Round "11.6"]
[White "Heinz, Juergen"]
[Black "Paul, Johannes"]
[Result "1-0"]
[WhiteElo "2201"]
[BlackElo "2385"]
[PlyCount "67"]
[EventDate "2018.10.21"]
[EventType "team-tourn"]
[EventCountry "GER"]
[WhiteTeam "Aue ESV Nickelhuette II"]
[BlackTeam "Magdeburg SG Aufbau Elbe"]
[WhiteTeamCountry "GER"]
[BlackTeamCountry "GER"]

1. c4 Nf6 2. Nc3 e6 3. Nf3 c5 4. e3 d5 5. d4 Nc6 6. a3 cxd4 7. exd4 dxc4 8.
Bxc4 Be7 9. O-O O-O 10. Be3 b6 11. Qe2 Bb7 12. Rfd1 Na5 13. Ba2 Nd5 14. Rac1
Nxc3 15. Rxc3 Rc8 16. Rxc8 Qxc8 17. Ne5 Qa8 18. Qg4 Kh8 19. Nxf7+ Rxf7 20. Qxe6
Rf6 21. Qxe7 Bxg2 22. d5 Rg6 23. Bg5 h6 24. Kxg2 Rxg5+ 25. Kf1 Qc8 26. Qe3 Nc4
27. Qe6 Qf8 28. Bxc4 Qf3 29. Rd3 Qg2+ 30. Ke2 Rg4 31. Qc8+ Kh7 32. Re3 h5 33.
Bd3+ g6 34. Qf8 1-0

[Event "Oberliga Ost A 2018 2019"]
[Site "?"]
[Date "2019.04.07"]
[Round "11.7"]
[White "Schoene, Maria"]
[Black "Kubikova, Alena"]
[Result "1-0"]
[WhiteElo "2150"]
[BlackElo "2091"]
[PlyCount "91"]
[EventDate "2018.10.21"]
[EventType "team-tourn"]
[EventCountry "GER"]
[WhiteTeam "Magdeburg SG Aufbau Elbe"]
[BlackTeam "Aue ESV Nickelhuette II"]
[WhiteTeamCountry "GER"]
[BlackTeamCountry "GER"]

1. e4 g6 2. d4 Bg7 3. Nc3 d6 4. Be3 c6 5. h3 Nf6 6. f4 b5 7. a3 Bb7 8. Nf3 O-O
9. Bd3 Qc7 10. O-O a5 11. e5 Ne8 12. Qe1 b4 13. axb4 axb4 14. Rxa8 Bxa8 15. Ne4
c5 16. c3 bxc3 17. bxc3 cxd4 18. cxd4 e6 19. Qh4 Bxe4 20. Bxe4 Qa7 21. Rb1 d5
22. Bd3 Nc6 23. Ng5 h6 24. Nf3 Qa3 25. Ne1 Qa7 26. Rc1 Nb4 27. Bf1 Qa3 28. Qf2
f6 29. Qd2 Qa4 30. Rb1 Na6 31. Bb5 Qa3 32. Nc2 Qa2 33. Ra1 Qb2 34. Bxa6 Nc7 35.
Bd3 f5 36. Qb4 Qxb4 37. Nxb4 Rc8 38. Bd2 Bf8 39. Rb1 Ra8 40. Kf2 Ra3 41. Ke2
Ra4 42. Nc2 Ra7 43. Rb8 Kf7 44. Bb4 Bxb4 45. Nxb4 g5 46. g3 1-0

[Event "Oberliga Ost A 2018 2019"]
[Site "?"]
[Date "2019.04.07"]
[Round "11.8"]
[White "Kubikova, Hana"]
[Black "Lopez Rojas, Jeffrey"]
[Result "0-1"]
[WhiteElo "2062"]
[BlackElo "2199"]
[PlyCount "80"]
[EventDate "2018.10.21"]
[EventType "team-tourn"]
[EventCountry "GER"]
[WhiteTeam "Aue ESV Nickelhuette II"]
[BlackTeam "Magdeburg SG Aufbau Elbe"]
[WhiteTeamCountry "GER"]
[BlackTeamCountry "GER"]

1. d4 Nf6 2. Nf3 g6 3. g3 Bg7 4. Bg2 O-O 5. c4 d6 6. Nc3 Nc6 7. O-O a6 8. h3
Rb8 9. e4 b5 10. cxb5 axb5 11. d5 Na5 12. Nd4 Bd7 13. b4 Nc4 14. Rb1 Qc8 15.
Kh2 Qa6 16. Re1 Qb6 17. f4 Qxd4 18. Qxd4 Ng4+ 19. hxg4 Bxd4 20. Ne2 Bg7 21. Rb3
Bxg4 22. Nc3 Bd7 23. Bh3 Bxh3 24. Kxh3 Rb7 25. Re2 Rc8 26. Be3 c6 27. e5 dxe5
28. dxc6 Rxc6 29. Bc5 e6 30. Ne4 exf4 31. gxf4 Rd7 32. Kg3 Rc8 33. Rc2 Rcd8 34.
Rf3 Nb2 35. Bb6 Rb8 36. Bc5 Nd3 37. Bd6 Ne1 38. Bxb8 Nxc2 39. Be5 Nxb4 40. Bd6
f5 0-1

[Event "Oberliga Ost A 2018 2019"]
[Site "?"]
[Date "2019.04.07"]
[Round "11.1"]
[White "Natsidis, Christoph"]
[Black "Pietsch, Michael"]
[Result "1-0"]
[WhiteElo "2307"]
[BlackElo "2185"]
[PlyCount "58"]
[EventDate "2018.10.21"]
[EventType "team-tourn"]
[EventCountry "GER"]
[WhiteTeam "Leipzig SG"]
[BlackTeam "Coswig TuS"]
[WhiteTeamCountry "GER"]
[BlackTeamCountry "GER"]

1. d4 Nf6 2. c4 e6 3. Nc3 Bb4 4. e3 O-O 5. Nge2 d5 6. a3 Bd6 7. Ng3 c5 8. dxc5
Bxc5 9. b4 Be7 10. Bb2 dxc4 11. Bxc4 Qc7 12. Qb3 a6 13. Rc1 b5 14. Bd3 Qb6 15.
Nce4 Nbd7 16. O-O Qb8 17. Nc5 a5 18. Rfd1 axb4 19. axb4 Nxc5 20. bxc5 Ba6 21.
Bd4 Rc8 22. Qb2 b4 23. Bxa6 Rxa6 24. Rc4 b3 25. Qb1 Rac6 26. Rc3 Bxc5 27. Bxf6
gxf6 28. Rxb3 Qe5 29. Qc2 Bd6 {Rest nicht nachvollziehbar} 1-0

[Event "Oberliga Ost A 2018 2019"]
[Site "?"]
[Date "2019.04.07"]
[Round "11.2"]
[White "Schweitzer, Andreas"]
[Black "Heistermann, Till"]
[Result "1-0"]
[WhiteElo "2282"]
[BlackElo "2184"]
[PlyCount "131"]
[EventDate "2018.10.21"]
[EventType "team-tourn"]
[EventCountry "GER"]
[WhiteTeam "Coswig TuS"]
[BlackTeam "Leipzig SG"]
[WhiteTeamCountry "GER"]
[BlackTeamCountry "GER"]

1. e4 c5 2. Nf3 e6 3. d4 cxd4 4. Nxd4 a6 5. Nc3 Qc7 6. g3 Nf6 7. Bg2 d6 8. O-O
Be7 9. f4 O-O 10. g4 Nc6 11. Nb3 b5 12. a3 Bb7 13. Be3 Nd7 14. Qe2 Nb6 15. Rad1
Nc4 16. Bc1 Rfe8 17. g5 Bf8 18. Rf3 g6 19. Rh3 Qe7 20. Qf2 N6a5 21. Qh4 h5 22.
Bf3 Bg7 23. Bxh5 gxh5 24. Qxh5 Bc8 25. Nxa5 Qa7+ 26. Kf1 Nxa5 27. f5 exf5 28.
Qh7+ Kf8 29. exf5 Re5 30. Rf3 Qb7 31. Kf2 Qa7+ 32. Kg3 Rxf5 33. Rxf5 Bxf5 34.
Qxf5 Nc4 35. Nd5 Ne5 36. Be3 Qd7 37. Qxd7 Nxd7 38. Bd4 Ne5 39. Ne3 Nc4 40.
Bxg7+ Kxg7 41. Nxc4 bxc4 42. Rxd6 Rb8 43. Rc6 Rxb2 44. Rxc4 f6 45. Kf4 fxg5+
46. Kxg5 Rb5+ 47. Kg4 a5 48. h4 Rb1 49. Kf3 Rh1 50. Ke2 Kf6 51. c3 Ke5 52. Rd4
Ke6 53. Ke3 Ra1 54. a4 Ra2 55. Kd3 Ke5 56. Rg4 Kd6 57. h5 Ke6 58. h6 Rh2 59.
Rg6+ Kd7 60. Ra6 Kc7 61. Ke4 Kb7 62. Rf6 Rh4+ 63. Kf5 Rxa4 64. h7 Rh4 65. Kg6
a4 66. Kg7 1-0

[Event "Oberliga Ost A 2018 2019"]
[Site "?"]
[Date "2019.04.07"]
[Round "11.3"]
[White "Pietzsch, Manuel"]
[Black "Hofmann, Rares"]
[Result "0-1"]
[WhiteElo "2166"]
[BlackElo "2196"]
[PlyCount "118"]
[EventDate "2018.10.21"]
[EventType "team-tourn"]
[EventCountry "GER"]
[WhiteTeam "Leipzig SG"]
[BlackTeam "Coswig TuS"]
[WhiteTeamCountry "GER"]
[BlackTeamCountry "GER"]

1. e4 e5 2. Bc4 Nc6 3. Nc3 Bc5 4. d3 d6 5. f4 Bxg1 6. Rxg1 Qh4+ 7. Kf1 Bg4 8.
Qe1 Qxh2 9. Qf2 O-O-O 10. Be3 a6 11. Ke1 Nge7 12. Kd2 exf4 13. Bxf4 Qh5 14. Rh1
Qg6 15. Nd5 Kb8 16. b4 Nxd5 17. Bxd5 Ne7 18. b5 Nxd5 19. exd5 axb5 20. a4 Rhe8
21. Rhe1 Rxe1 22. Rxe1 bxa4 23. Qd4 Bd7 24. Rb1 Qg4 25. g3 Re8 26. Qb4 b6 27.
Bxd6 Re2+ 28. Kc3 Qxb4+ 29. Bxb4 Re5 30. Rf1 Rf5 31. Rxf5 Bxf5 32. Kd4 c5+ 33.
dxc6 Kc7 34. Ke5 Be6 35. c4 Kxc6 36. Ba3 b5 37. cxb5+ Kxb5 38. Kd6 Bf5 39. d4
Kc4 40. Ke5 Bh3 41. Bf8 f6+ 42. Ke4 g6 43. Be7 Bg2+ 44. Kf4 Kxd4 45. Bxf6+ Kd3
46. Kg5 a3 47. Kh6 a2 48. Kxh7 Be4 49. Kh6 Kc2 50. Kg5 Kb1 51. Kf4 Bc2 52. Ke3
a1=Q 53. Bxa1 Kxa1 54. Kf4 Kb2 55. Kg5 Kc3 56. Kf4 Kd4 57. Kg5 Ke3 58. Kg4 Bf5+
59. Kg5 Kf3 0-1

[Event "Oberliga Ost A 2018 2019"]
[Site "?"]
[Date "2019.04.07"]
[Round "11.4"]
[White "Mueller, Richard"]
[Black "Nguyen, Alex Dac Vuong"]
[Result "1/2-1/2"]
[WhiteElo "2160"]
[BlackElo "2112"]
[PlyCount "106"]
[EventDate "2018.10.21"]
[EventType "team-tourn"]
[EventCountry "GER"]
[WhiteTeam "Coswig TuS"]
[BlackTeam "Leipzig SG"]
[WhiteTeamCountry "GER"]
[BlackTeamCountry "GER"]

1. d4 Nf6 2. c4 c5 3. d5 b5 4. cxb5 a6 5. b6 Qxb6 6. Nc3 g6 7. Nf3 Bg7 8. e4 d6
9. Nd2 Bd7 10. a4 Qb4 11. Qc2 O-O 12. Be2 e6 13. O-O exd5 14. exd5 Qh4 15. Nf3
Qh5 16. Bf4 Nxd5 17. Nxd5 Qxd5 18. Rad1 Qf5 19. Qxf5 Bxf5 20. Bxd6 Re8 21. Bc4
Bxb2 22. Bxc5 Nd7 23. Bd4 Bxd4 24. Nxd4 Ne5 25. Bd5 Bg4 26. f3 Rad8 27. Nc6
Nxc6 28. Bxc6 Rxd1 29. Rxd1 Rc8 30. Bb7 Rc7 31. Bxa6 Be6 32. Ra1 Kf8 33. Kf2
Rc2+ 34. Kg3 g5 35. h3 h5 36. Ra3 Ke7 37. a5 Kd6 38. Bb7 h4+ 39. Kh2 Ra2 40.
Rxa2 Bxa2 41. g3 Bc4 42. gxh4 gxh4 43. Kg2 Kc5 44. Kf2 Be6 45. Kg2 Kb5 46. a6
Kb6 47. f4 f6 48. Be4 Kxa6 49. f5 Bxf5 50. Bxf5 Kb6 51. Kf3 Kc7 52. Kg4 Kd6 53.
Kxh4 Ke7 1/2-1/2

[Event "Oberliga Ost A 2018 2019"]
[Site "?"]
[Date "2019.04.07"]
[Round "11.5"]
[White "Roesemann, Rainer"]
[Black "Klawa, Patrick"]
[Result "1-0"]
[WhiteElo "2230"]
[BlackElo "2175"]
[PlyCount "79"]
[EventDate "2018.10.21"]
[EventType "team-tourn"]
[EventCountry "GER"]
[WhiteTeam "Leipzig SG"]
[BlackTeam "Coswig TuS"]
[WhiteTeamCountry "GER"]
[BlackTeamCountry "GER"]

1. c4 f5 2. g3 Nf6 3. Bg2 g6 4. Nc3 Bg7 5. d3 Nc6 6. e4 fxe4 7. dxe4 e5 8. Nge2
d6 9. O-O Be6 10. Nd5 h6 11. f3 Qd7 12. Be3 Rc8 13. Qd2 g5 14. Rad1 b6 15. f4
gxf4 16. gxf4 Ng4 17. f5 Bf7 18. f6 Bf8 19. Bh3 Nd8 20. Ng3 Rg8 21. Kh1 Nf2+
22. Qxf2 Qxh3 23. Nf5 Qg4 24. Nde7 Bxc4 25. Nxc8 Be2 26. Ng3 Bxd1 27. f7+ Nxf7
28. Qxf7+ Kd8 29. Nxa7 h5 30. Bxb6 cxb6 31. Nc6+ Kc8 32. Qe8+ Kb7 33. Rf7+ Be7
34. Qxe7+ Kxc6 35. Qb7+ Kb5 36. Qd5+ Ka6 37. Qc4+ b5 38. Qc6+ Ka5 39. Ra7+ Kb4
40. Qc3# 1-0

[Event "Oberliga Ost A 2018 2019"]
[Site "?"]
[Date "2019.04.07"]
[Round "11.6"]
[White "Escher, Thomas"]
[Black "Hoffmann, Hendrik"]
[Result "0-1"]
[WhiteElo "2201"]
[BlackElo "2258"]
[PlyCount "76"]
[EventDate "2018.10.21"]
[EventType "team-tourn"]
[EventCountry "GER"]
[WhiteTeam "Coswig TuS"]
[BlackTeam "Leipzig SG"]
[WhiteTeamCountry "GER"]
[BlackTeamCountry "GER"]

1. e4 d6 2. d4 Nf6 3. Nc3 g6 4. Nf3 Bg7 5. Be2 O-O 6. O-O a6 7. Re1 e6 8. Bf4
Nc6 9. d5 e5 10. Bg5 Ne7 11. Qd2 Ne8 12. h3 f5 13. exf5 gxf5 14. Bh6 Ng6 15.
Bxg7 Kxg7 16. a4 Nf6 17. Bf1 Bd7 18. a5 Qe7 19. b4 Kh8 20. Ng5 Qg7 21. g3 Rae8
22. b5 h6 23. bxa6 bxa6 24. Ne6 Bxe6 25. dxe6 f4 26. Kh2 e4 27. Qe2 e3 28. g4
Ne5 29. f3 h5 30. Ra4 Rxe6 31. Bg2 hxg4 32. Rxf4 Ng6 33. Rc4 d5 34. Rc5 Qe7 35.
Na4 Qd6+ 36. Kg1 Qg3 37. hxg4 Nf4 38. Qf1 e2 0-1

[Event "Oberliga Ost A 2018 2019"]
[Site "?"]
[Date "2019.04.07"]
[Round "11.7"]
[White "Rausch, Stephan"]
[Black "Piotraschke, Jens"]
[Result "1/2-1/2"]
[WhiteElo "2281"]
[BlackElo "2113"]
[PlyCount "112"]
[EventDate "2018.10.21"]
[EventType "team-tourn"]
[EventCountry "GER"]
[WhiteTeam "Leipzig SG"]
[BlackTeam "Coswig TuS"]
[WhiteTeamCountry "GER"]
[BlackTeamCountry "GER"]

1. d4 Nf6 2. Nf3 e6 3. Bg5 d5 4. c3 c5 5. e3 Qb6 6. Qc2 Ne4 7. Bf4 Nc6 8. Nbd2
f5 9. Nxe4 fxe4 10. Ne5 Be7 11. Be2 O-O 12. Bg3 Nxe5 13. Bxe5 Bd6 14. Bg3 Bd7
15. Qb3 Bxg3 16. hxg3 Bc6 17. Rh4 Rae8 18. Rf4 e5 19. Rxf8+ Kxf8 20. Qa3 exd4
21. cxd4 Qb4+ 22. Qxb4 cxb4 23. Kd2 Ke7 24. f4 Rc8 25. Rh1 h6 26. Rh5 Ba4 27.
Re5+ Kd6 28. b3 Bc6 29. g4 Re8 30. g5 hxg5 31. Rxg5 Re7 32. Rg6+ Kd7 33. Bg4+
Kc7 34. Re6 Rxe6 35. Bxe6 Kd6 36. Bg4 Bb5 37. Be2 Bd7 38. Ke1 Ke7 39. Kf2 Kf6
40. Kg3 a5 41. Kh4 Be8 42. g3 g6 43. Bf1 a4 44. Be2 a3 45. g4 Ba4 46. g5+ Kf7
47. Bd1 Bb5 48. Kg3 Bd3 49. Kf2 Ke6 50. Bg4+ Kf7 51. Ke1 Bc4 52. Bd1 Bb5 53.
Kd2 Bd7 54. Be2 Ke7 55. Ke1 Kf7 56. Kf2 Kg7 1/2-1/2